000 00291nam a2200121Ia 4500
008 190216s9999||||xx |||||||||||||| ||und||
100 _aPrest Ar
245 0 _aPublic Finance In Theory And Practice
260 _bEnglish Uty Press
_c1960
300 _a423p
650 _aEconomics
942 _cBK
999 _c9119
_d9119